Detalles MARC
| 000 -LEADER |
| fixed length control field |
02246nam a2200529Ii 4500 |
| 001 - CONTROL NUMBER |
| control field |
DIGBONART0246 |
| 003 - CONTROL NUMBER IDENTIFIER |
| control field |
NyNyDIG |
| 007 - PHYSICAL DESCRIPTION FIXED FIELD--GENERAL INFORMATION |
| fixed length control field |
cr ||||||||||| |
| 008 - FIXED-LENGTH DATA ELEMENTS--GENERAL INFORMATION |
| fixed length control field |
220317s2020 mx a ob 000 0 spa d |
| 006 - FIXED-LENGTH DATA ELEMENTS--ADDITIONAL MATERIAL CHARACTERISTICS |
| fixed length control field |
m o d |
| 035 ## - SYSTEM CONTROL NUMBER |
| System control number |
(OCoLC)1319854532 |
| 040 ## - CATALOGING SOURCE |
| Original cataloging agency |
DGITA |
| Language of cataloging |
eng |
| Description conventions |
rda |
| -- |
pn |
| Transcribing agency |
DGITA |
| 020 ## - INTERNATIONAL STANDARD BOOK NUMBER |
| Canceled/invalid ISBN |
9786078636686 |
| Qualifying information |
Bonilla Artigas Editores |
| 020 ## - INTERNATIONAL STANDARD BOOK NUMBER |
| Canceled/invalid ISBN |
9786072818071 |
| Qualifying information |
UAM Xochimilco |
| 043 ## - GEOGRAPHIC AREA CODE |
| Geographic area code |
ae----- |
| -- |
p------ |
| -- |
cl----- |
| 050 14 - LIBRARY OF CONGRESS CALL NUMBER |
| Classification number |
DS518.14 ebook |
| 245 00 - TITLE STATEMENT |
| Title |
Asia-Pacífico : |
| Remainder of title |
poder y prosperidad en la era de la desglobalización / |
| Statement of responsibility, etc. |
Eduardo Tzili Apango, José Luis León Manríquez, Graciela Pérez-Gavilán Rojas (editores). |
| 264 #1 - PRODUCTION, PUBLICATION, DISTRIBUTION, MANUFACTURE, AND COPYRIGHT NOTICE |
| Place of production, publication, distribution, manufacture |
Ciudad de México : |
| Name of producer, publisher, distributor, manufacturer |
Bonilla Artigas Editores : |
| -- |
Universidad Autónoma Metropolitana, Unidad Xochimilco, |
| Date of production, publication, distribution, manufacture, or copyright notice |
[2020] |
| 300 ## - PHYSICAL DESCRIPTION |
| Extent |
1 online resource : |
| Other physical details |
illustrations. |
| 336 ## - CONTENT TYPE |
| Content type term |
text |
| Content type code |
txt |
| Source |
rdacontent |
| 337 ## - MEDIA TYPE |
| Media type term |
computer |
| Media type code |
c |
| Source |
rdamedia |
| 338 ## - CARRIER TYPE |
| Carrier type term |
online resource |
| Carrier type code |
cr |
| Source |
rdacarrier |
| 347 ## - DIGITAL FILE CHARACTERISTICS |
| File type |
text file |
| Source |
rdaft |
| 347 ## - DIGITAL FILE CHARACTERISTICS |
| Encoding format |
PDF |
| 490 1# - SERIES STATEMENT |
| Series statement |
Públicasocial ; |
| Volume/sequential designation |
35 |
| 504 ## - BIBLIOGRAPHY, ETC. NOTE |
| Bibliography, etc. note |
Includes bibliographical references. |
| 588 0# - SOURCE OF DESCRIPTION NOTE |
| Source of description note |
Online resource; title from PDF title page (Digitalia, viewed March 17, 2022) |
| 650 #0 - SUBJECT ADDED ENTRY--TOPICAL TERM |
| Topical term or geographic name entry element |
Regionalism |
| Geographic subdivision |
Pacific Area. |
| 650 #0 - SUBJECT ADDED ENTRY--TOPICAL TERM |
| Topical term or geographic name entry element |
Regionalism |
| Geographic subdivision |
East Asia. |
| 651 #0 - SUBJECT ADDED ENTRY--GEOGRAPHIC NAME |
| Geographic name |
East Asia |
| General subdivision |
Relations. |
| 651 #0 - SUBJECT ADDED ENTRY--GEOGRAPHIC NAME |
| Geographic name |
Pacific Area |
| General subdivision |
Relations. |
| 651 #0 - SUBJECT ADDED ENTRY--GEOGRAPHIC NAME |
| Geographic name |
Latin America |
| General subdivision |
Relations |
| Geographic subdivision |
East Asia. |
| 651 #0 - SUBJECT ADDED ENTRY--GEOGRAPHIC NAME |
| Geographic name |
East Asia |
| General subdivision |
Relations |
| Geographic subdivision |
Latin America. |
| 651 #0 - SUBJECT ADDED ENTRY--GEOGRAPHIC NAME |
| Geographic name |
Latin America |
| General subdivision |
Relations |
| Geographic subdivision |
Pacific Area. |
| 651 #0 - SUBJECT ADDED ENTRY--GEOGRAPHIC NAME |
| Geographic name |
Pacific Area |
| General subdivision |
Relations |
| Geographic subdivision |
Latin America. |
| 655 #0 - INDEX TERM--GENRE/FORM |
| Genre/form data or focus term |
Electronic books. |
| 700 1# - ADDED ENTRY--PERSONAL NAME |
| Personal name |
Tzili Apango, Eduardo, |
| Relator term |
editor. |
| 700 1# - ADDED ENTRY--PERSONAL NAME |
| Personal name |
León, José Luis, |
| Relator term |
editor. |
| 700 1# - ADDED ENTRY--PERSONAL NAME |
| Personal name |
Pérez Gavilán, Graciela, |
| Relator term |
editor. |
| 791 2# - |
| -- |
Digitalia (Firm), |
| -- |
distributor. |
| 793 0# - |
| -- |
Digitalia eBook Collection: |
| -- |
Bonilla Artigas Editores |
| 776 08 - ADDITIONAL PHYSICAL FORM ENTRY |
| Relationship information |
Print version: |
| Title |
Asia-Pacífico. |
| Edition |
Primera edición. |
| Place, publisher, and date of publication |
Ciudad de México : Bonilla Artigas Editores : Universidad Autónoma Metropolitana, Unidad Xochimilco, [2020] |
| International Standard Book Number |
9786078636686 |
| 830 #0 - SERIES ADDED ENTRY--UNIFORM TITLE |
| Uniform title |
Pública social ; |
| Volume/sequential designation |
35. |
| 856 40 - ELECTRONIC LOCATION AND ACCESS |
| Materials specified |
Digitalia Hispánica |
| Uniform Resource Identifier |
<a href="https://www.digitaliapublishing.com/a/110253/">https://www.digitaliapublishing.com/a/110253/</a> |
| 910 ## - USER-OPTION DATA (OCLC) |
| User-option data |
Premium collection: 2022 |
| 942 ## - ADDED ENTRY ELEMENTS (KOHA) |
| Koha item type |
Recurso Electrónico |